| 000 | 00608nam a2200205 a 4500 | ||
|---|---|---|---|
| 005 | 20210219160026.0 | ||
| 008 | 080613s1986 mx r 000 0 spa d | ||
| 020 | _a9232022087 | ||
| 035 | _aUPN01000156902 | ||
| 049 | _aUNE | ||
| 080 | _a338 (04) =40 SCI. | ||
| 245 | 0 | 0 |
_aScience économique et développement endogène / _ccomp. Xavier Greffe. |
| 260 |
_aParís : _bUNESCO, _c1986. |
||
| 300 |
_a272 p. _bfot. |
||
| 690 | _aDesarrollo económico y social - Sociología del conocimiento | ||
| 690 | _aModelos económicos | ||
| 700 | 1 |
_aGreffe, Xavier, _ecomp. |
|
| 710 | 2 | _aUNESCO | |
| 905 | _aUNESCO | ||
| 999 |
_c129016 _d129016 |
||